| 000 | 01187pam a2200301 a 4500 | ||
|---|---|---|---|
| 999 |
_c1358 _d1358 |
||
| 001 | 2524412 | ||
| 003 | GZU | ||
| 005 | 20201012160033.0 | ||
| 008 | 930805s1994 enka b 001 0 eng | ||
| 010 | _a 93031701 | ||
| 020 | _a0470200065 | ||
| 040 |
_aDLC _cDLC _dDLC |
||
| 050 | 0 | 0 |
_aQH545.A3 _bWEL 1994 |
| 100 | 1 |
_aWellburn, Alan, _d1940- _eauthor |
|
| 245 | 1 | 0 |
_aAir pollution and climate change : _bthe biological impact / _cAlan Wellburn. |
| 250 | _a2nd ed. | ||
| 260 |
_aHarlow, Essex, England : _bLongman Scientific & Technical ; _aNew York : _bWiley, _c1994. |
||
| 300 |
_axii, 268 p. : _bill. (some col.) ; _c24 cm. |
||
| 500 | _aRev. ed. of: Air pollution and acid rain. 1st ed. 1988. | ||
| 504 | _aIncludes bibliographical references and index. | ||
| 650 | 0 |
_aAir _xPollution. |
|
| 650 | 0 | _aClimatic changes. | |
| 650 | 0 | _aBioclimatology. | |
| 700 | 1 |
_aWellburn, Alan, _d1940- _tAir pollution and acid rain. |
|
| 906 |
_a7 _bcbc _corignew _d1 _eocip _f19 _gy-gencatlg |
||
| 942 |
_2lcc _cBK _e2nd ed. _h545.A3 _iWEL _kQH |
||